00688nam a22002057a 450000500170000001000150001702000270003203500140005903700090007308200100008210000260009224500860011825000170020426000500022127000100027130000280028194200240030999900190033395201300035220241114122053.0 aENG-142618 c1975.00a9788178331706 aEN-126150 bDBAD a546.3 aPanda, Himadri973953 aHandbook on Eectroplating with manufacture of electrochemicals/cby Himadri panda a2nd Edition  aDelhibAsia Pacific Business Press Inc.c2022 bDelhi a468p.:c22cm(pbk)bill. 2ddccENh546.3mPAN c206991d206991 001040708NFICaBNbBNd2024-11-14eDBADg1975.00l0o546.3 PANpEN-126150r2024-11-14 00:00:00t1v1975.00w2024-11-14yEN